LEADER 01203nam a2200277 i 4500 001 000000256886 003 CaOOAMICUS 005 20180308000000.0 008 180308s2017 it u000 u ita u 013 $a235794 020 $a9788864338200 040 $aSeMil$bita 100 1 $aVarisco, Alessio.$0(OLS)http://semarc/name/78958 245 10$aVultus Misericordiae :$bil Venerato Crocifisso di Besana /$cAlessio Varisco. 260 $aArcidosso (GR) :$bEffigi,$c2017. 300 $a292 p. :$bill. ;$c24 cm. 490 0 $aDomus templi ;$v14. 500 $aContiene : Bibliografia generale ; Cronologia della Parrocchia. - In preliminari : Dedica dell'Autore. 650 4$aBesana in Brianza.$0(OLS)http://semarc/subject/7784 830 0$aDomus templi ;$v14.$0(OLS)http://semarc/title/400350 850 $aSeMil 852 $aSeMil$W1$xVenegono$y1$m3P IV 426$j207232$B207232$CSeMilBibl$Z2$F221475 $81 961 $aOmaggio: Delpini mons. Mario 996 $6020$a9788864338200$9(OLS)http://semarc/number/281398 996 $6245$aVultus Misericordiae :$bil Venerato Crocifisso di Besana$9(OLS)http://semarc/title/412520 996 $6260$aArcidosso (GR) :$bEffigi$9(OLS)http://semarc/publisher/53623 LEADER 01178nam a2200277 i 4500 001 000000069348 003 CaOOAMICUS 005 20120720000000.0 008 120720s1997 it u000 u ita u 013 $a40520 020 $a88-7652-775-3 040 $aSeMil$bita 100 1 $aPerlasca, Alberto.$0(OLS)http://semarc/name/34618 245 13$aIl concetto di bene ecclesiastico /$cAlberto Perlasca. 260 $aRoma :$bPontificia Università Gregoriana,$cstampa 1997. 300 $a423 p. ;$c25 cm. 490 0 $aTesi Gregoriana. Serie Diritto canonico ;$v24 500 $aContiene : Bibliografia. 650 4$aBene ecclesiastico - Diritto canonico.$0(OLS)http://semarc/subject/13743 830 0$aTesi Gregoriana. Serie Diritto canonico ;$v24.$0(OLS)http://semarc/title/400183 850 $aSeMil 852 $aSeMil$W1$xVenegono$y1$m2H I 194$j35501$B35501$CSeMilBibl$Z2$F35504 $81 961 $aAcquisto: Casa editrice 996 $6020$a88-7652-775-3$9(OLS)http://semarc/number/47808 996 $6245$aIl concetto di bene ecclesiastico$9(OLS)http://semarc/title/110993 996 $6260$aRoma :$bPontificia Università Gregoriana$9(OLS)http://semarc/publisher/29750